000
00188nam a2200073Ia 4500
008
170817s9999 xx 000 0 und d
100
_a
Singh.K.P
245
0
_a
Shiksha Ke Darshanik Adhar
260
_b
Agarwal Prakashan Agara
999
_c
39466
_d
39466